LEADER 01321nam a2200229 i 4500 001 000000257681 003 CaOOAMICUS 005 20180319000000.0 008 180319s1871 xx u000 u ger u 013 $a236589 040 $aSeMil$bita 100 1 $aHeer, Oswald <1809-1883>.$0(OLS)http://semarc/name/89251 245 10$aFossile Flora der Bären-insel, Flora fossilis alaskana, Die miocene Flora und Fauna Spitzbergens, Contributions to the fossil flora of north-Greenland /$cvon Dr. Oswald Heer. 260 $aWinterthur :$bWurster & Comp.,$c1871. 300 $a1 v. (diverse sequenze), LIX carte di tav. :$bill. ;$c30 cm. 650 4$aRegioni artiche - Botanica.$0(OLS)http://semarc/subject/44569 650 4$aPaleobotanica.$0(OLS)http://semarc/subject/44570 773 0 $aHeer, Oswald <1809-1883>$tFlora fossilis arctica.$dZürich : Friedrich Schulthess : [poi]... Winterthur : Wurster & Comp., 1868-1883.$g2$w()4087 850 $aSeMil 852 $aSeMil$W1$xVenegono$y1$m3W VI 53 FA$j208027$B208027$CSeMilBibl$Z2$F221563 $8I 996 $6245$aFossile Flora der Bären-insel, Flora fossilis alaskana, Die miocene Flora und Fauna Spitzbergens, Contributions to the fossil flora of north-Greenland$9(OLS)http://semarc/title/413012 996 $6260$aWinterthur :$bWurster & Comp.$9(OLS)http://semarc/publisher/57700 LEADER 01352nam a2200301 i 4500 001 000000128628 003 CaOOAMICUS 005 20040730000000.0 008 040730s2000 it u000 u ita u 013 $a101355 020 $a88-215-4203-3 040 $aSeMil$bita 100 1 $aDi Nicola, Giulia Paola,$d<1949- >.$0(OLS)http://semarc/name/7252 245 10$aVerginitą e matrimonio :$breciprocitą e diversitą di due vocazioni /$cGiulia Paola Di Nicola - Attilio Danese. 260 $aCinisello Balsamo :$bSan Paolo,$ccopyr. 2000. 300 $a135 p. ;$c20 cm. 490 0 $aFamiglia Duemila ;$v23 500 $aContiene : Bibliografia essenziale. 650 4$aVerginitą.$0(OLS)http://semarc/subject/6547 650 4$aMatrimonio - Spiritualitą.$0(OLS)http://semarc/subject/9212 700 1 $aDanese, Attilio.$0(OLS)http://semarc/name/7121 830 0$aFamiglia Duemila ;$v23.$0(OLS)http://semarc/title/10145 850 $aSeMil 852 $aSeMil$W1$xVenegono$y1$m3G II 340$j82847$B82847$CSeMilBibl$Z2$F86900 $81 961 $aRecupero: Seminario di Seveso 996 $6020$a88-215-4203-3$9(OLS)http://semarc/number/115271 996 $6245$aVerginitą e matrimonio :$breciprocitą e diversitą di due vocazioni$9(OLS)http://semarc/title/408063 996 $6260$aCinisello Balsamo :$bSan Paolo$9(OLS)http://semarc/publisher/30129